000 00282nam a2200121Ia 4500
008 191201s2019 xx 000 0 und d
100 _aGEETA PRESS
245 0 _aShrimad Bhagwat Geeta
260 _aN. Delhi
_bGeeta Press
300 _a255
650 _aGeneral Books
942 _2ddc
_cBK
999 _c710
_d710